[Event "FRA-chT Top 12"]
[Site "Brest"]
[Date "2018.05.27"]
[Round "2.2"]
[White "Edouard, Romain"]
[Black "Balogh, Csaba"]
[Result "1-0"]
[WhiteElo "2621"]
[BlackElo "2628"]
[Annotator "Edouard,R"]
[PlyCount "85"]
[EventDate "2018.05.26"]
[EventType "team-tourn"]
[EventRounds "11"]
[EventCountry "FRA"]
[SourceTitle "CBM 185"]
[Source "ChessBase"]
[SourceDate "2018.07.13"]
[SourceVersion "1"]
[SourceVersionDate "2018.07.13"]
[SourceQuality "1"]
[WhiteTeam "Bischwiller"]
[BlackTeam "Metz Fischer"]
[WhiteTeamCountry "FRA"]
[BlackTeamCountry "FRA"]

1. d4 {[%emt 0:03:42]} d5 {[%emt 0:00:25]} 2. c4 {[%emt 0:00:10]} c6 {[%emt 0:
00:17]} 3. Nf3 {[%emt 0:00:07]} Nf6 {[%emt 0:00:05]} 4. Nc3 {[%emt 0:00:04]}
dxc4 {[%emt 0:00:47]} 5. a4 {[%emt 0:00:06]} Bf5 {[%emt 0:04:46]} 6. Ne5 {
[%emt 0:00:39]} Nbd7 {[%emt 0:00:41]} 7. Nxc4 {[%emt 0:00:30]} Nb6 {[%emt 0:01:
00]} 8. e3 $5 {[%emt 0:00:40]} (8. Ne5 a5 9. e3 Nbd7 10. Bd3 Bxd3 11. Nxd3 g6
12. Qb3 Qb6 13. Qxb6 Nxb6 14. Ke2 Bg7 15. Nc5 Ra7 16. e4 O-O 17. Rd1 Rd8 18.
Bf4 Ne8 19. Be5 Nd7 20. Bxg7 Kxg7 21. Nxd7 Rxd7 22. d5 Nf6 23. Rac1 Ra6 24.
dxc6 bxc6 25. Rxd7 Nxd7 26. Nd1 Rb6 27. f3 Kf6 28. Rc2 e6 29. Kd2 g5 30. Ne3
Rb4 31. Rxc6 Rxb2+ 32. Rc2 Rb4 33. Rc4 Rb1 34. Rc1 Rb4 35. Rc4 Rb7 36. Kc2 h5
37. Rc6 Nb6 {Vidit,S (2707)-Bu,X (2725) Liaocheng 2018 1/2-1/2}) 8... e6 {
[%emt 0:04:11]} 9. a5 {[%emt 0:00:54]} Nxc4 {[%emt 0:01:26]} 10. Bxc4 {[%emt 0:
00:05]} b5 $5 {[%emt 0:10:36] Almost a novelty! My opponent invented this move
over the board, and it is not to be underestimated.} (10... Bd6 11. f3 e5 ({
A very interesting idea was found by Antipov in:} 11... Bg6 $5 12. e4 Bc7 $5
13. b4 ({White should probably try} 13. Bg5 $5 b5 14. Bb3) 13... Qe7 14. b5 Qb4
15. Qd3 Nd5 16. Bxd5 cxd5 17. Ba3 Qb3 18. O-O Bxa5 19. Rfc1 $44 {0-1 (46)
Sargsyan,S (2481)-Antipov,M (2598) Moscow RUS 2018}) 12. dxe5 Bxe5 13. Qxd8+ $1
(13. e4 {allows} Qe7 $5 $13) 13... Rxd8 14. e4 Be6 15. Bxe6 fxe6 16. Be3 Bd4
17. Ke2 Ke7 18. Na4 $14 {and Black fails to equalize. 1/2-1/2 (24) Farago,I 
(2448)-Svetushkin,D (2561) BUL 2011}) (10... Bb4 11. Qb3 Bxa5 12. Qxb7 O-O 13.
O-O Qb6 14. Qa6 Bb4 15. f3 Bg6 16. Na4 $1 $14 (16. Kh1 c5 $11 {½-½ (62)
Lafuente,P (2555)-Tikkanen,H (2560) Odense DEN 2011})) (10... Ne4 11. O-O $1
$14 (11. Qb3 Rb8 12. Nxe4 Bxe4 13. f3 Bd5 $11 {1-0 (60) Pashikian,A (2603)
-Yegiazaryan,A (2301) Yerevan ARM 2017})) 11. axb6 {[%emt 0:15:05]} axb6 {
[%emt 0:00:23]} 12. Rxa8 {[%emt 0:00:09]} Qxa8 {[%emt 0:00:06]} 13. O-O {
[%emt 0:07:22]} ({The only existing game continued} 13. f3 Be7 14. e4 Bg6 15.
O-O O-O 16. Be3 {1-0 (41) Pasztor,F (2205)-Chen,Y (2081) HUN 2011, which could
have transposed into my game.}) 13... Be7 {[%emt 0:00:38]} 14. Qe2 $6 {[%emt 0:
06:39]} (14. f3 {was simpler and better.}) 14... O-O {[%emt 0:17:27]} (14... b5
$5 15. Bb3 Bg6 $5 16. f3 (16. e4 $6 b4 $11) 16... O-O 17. e4 {transposing into
the game.}) 15. e4 {[%emt 0:00:26]} Bg6 {[%emt 0:00:09]} 16. Bb3 {[%emt 0:08:
53]} b5 {[%emt 0:09:53]} 17. f3 {[%emt 0:01:03]} Bd8 $5 {[%emt 0:06:15]} (17...
Qa5 {looked critical to me, but it doesn't seem to equalise:} 18. Bd2 (18. Be3
$5 Bd8 19. Bf2 $36) 18... Qb6 19. Be3 $36) 18. e5 $6 {[%emt 0:06:58]} Nd7 $6 {
[%emt 0:01:24] A huge mistake, at least from a practical point of view.} ({
Sacrificing the b5-pawn was far more logical:} 18... Nd5 $1 19. Nxd5 cxd5 20.
Qxb5 Bc7 $44 (20... Be7 $5 $44)) 19. f4 {[%emt 0:01:59]} Bb6 {[%emt 0:01:44]}
20. Be3 {[%emt 0:00:18]} Qa7 $6 {[%emt 0:01:30]} ({Black should have played
more actively:} 20... Qa5 $1 21. Qf2 Rd8 22. g4 Qb4 23. Ba2 Bd3 $1 24. Rd1 Bc4
{Obviously a very difficult computer manoeuvre.} 25. Bb1 f6 $13) 21. Qf2 $5 {
[%emt 0:05:38]} (21. Rd1 {was the other possibility, but I wanted to keep my
rook on f1.}) 21... Re8 {[%emt 0:03:57]} (21... h5 22. h3 h4 23. Kh2 $40) 22.
h3 $1 {[%emt 0:08:25] The engine doesn't give White such a big advantage, but
the position is a nightmare for Black.} ({It was important not to play the
tempting} 22. g4 {because of} f6 $1 {and in the event of} 23. f5 Bf7 {Black is
probably better!}) (22. Rd1) 22... h6 {[%emt 0:08:40]} 23. Kh2 {[%emt 0:01:36]}
Kh7 {[%emt 0:00:38]} 24. g4 {[%emt 0:06:26]} (24. Bc2 Bxc2 25. Qxc2+ Kg8 26.
Qe4 Rd8 27. f5 $36 {[%cal Gf5e6,Gf5f6]}) 24... f5 {[%emt 0:00:13]} 25. Rg1 {
[%emt 0:00:40] '!'} Nf8 {[%emt 0:01:13]} 26. Ne2 {[%emt 0:00:34]} Rd8 {[%emt 0:
01:37]} 27. Qg2 {[%emt 0:02:50]} c5 $2 {[%emt 0:04:42]} (27... Qd7 $1 {was
ugly but required. White is much better but Black remains solid.}) 28. gxf5 {
[%emt 0:05:03]} exf5 {[%emt 0:00:17]} 29. dxc5 $2 {[%emt 0:09:37] A crazy
decision, going for material.} (29. d5 c4 30. Bxb6 Qxb6 31. Bc2 $18) 29... Bxc5
{[%emt 0:00:11]} 30. Bxc5 {[%emt 0:00:04]} Qxc5 {[%emt 0:00:02]} 31. Bf7 {
[%emt 0:00:06]} Qxg1+ {[%emt 0:00:06]} 32. Qxg1 {[%emt 0:00:11]} Bxf7 {[%emt 0:
00:05]} 33. Nd4 $2 {[%emt 0:00:10] Underestimating Black's next move, after
which the position is likely to be a draw.} (33. Qc5 $1 {should still be
winning.}) 33... Ne6 {[%emt 0:00:42]} 34. Nxf5 {[%emt 0:05:04]} (34. Nxe6 Rd2+
35. Kg3 Bxe6 $44) 34... Bg6 $2 {[%emt 0:02:31]} (34... Rd2+ $1 35. Kg3 Rd3+ 36.
Kf2 Bg6 (36... Bh5 $5) 37. Qg4 (37. Nh4 Nxf4 $44) 37... h5 38. Qh4 {and here I
thought White was winning, but it seems} Rb3 {is a draw:} 39. Ne7 Rxb2+ 40. Ke3
Rb3+ {and now if} 41. Kd2 $4 Nd4 $1 {wins!}) 35. Nd6 {[%emt 0:01:26]} Nxf4 {
[%emt 0:00:26]} 36. Qa7 {[%emt 0:02:24]} b4 {[%emt 0:05:29]} 37. h4 {[%emt 0:
00:35]} b3 $2 {[%emt 0:00:53]} (37... Rf8 $1 38. Qe7 Kg8 {would keep huge
practical chances.} (38... Ra8 $6 39. Ne4 $3 Bxe4 40. Qxb4 $18)) 38. Qb6 {
[%emt 0:00:37]} Rf8 {[%emt 0:00:11]} 39. Qxb3 {[%emt 0:00:11]} h5 {[%emt 0:01:
48]} (39... Nd3 $2 40. h5 $18) 40. Qe3 {[%emt 0:01:53]} Ne6 {[%emt 0:31:57]}
41. Kg3 {[%emt 0:05:28] Now White is in control and can just push his b-pawn.}
Rb8 {[%emt 0:00:00]} (41... Rf1 42. b4 Rb1 43. b5 Bc2 44. b6 Rb3 45. Qxb3 Bxb3
46. b7 $18) 42. Qc3 {[%emt 0:01:24]} Rf8 {[%emt 0:00:00]} 43. Qc4 {[%emt 0:00:
37]} 1-0

[Event "Dubai op 15th"]
[Site "Dubai"]
[Date "2013.04.11"]
[Round "5"]
[White "Edouard, Romain"]
[Black "Oleksienko, Mikhailo"]
[Result "1-0"]
[WhiteElo "2670"]
[BlackElo "2554"]
[Annotator "Edouard,R"]
[PlyCount "51"]
[EventDate "2013.04.07"]
[EventType "swiss"]
[EventRounds "9"]
[EventCountry "UAE"]
[SourceTitle "CBM 154"]
[Source "ChessBase"]
[SourceDate "2013.05.15"]
[SourceVersion "1"]
[SourceVersionDate "2013.05.15"]
[SourceQuality "1"]
[WhiteClock "0:09:35"]
[BlackClock "0:18:02"]

1. d4 d5 2. c4 c6 3. Nf3 Nf6 4. Nc3 dxc4 5. a4 Bf5 6. Ne5 Nbd7 7. Nxc4 Nb6 8.
Ne5 a5 9. f3 Nfd7 10. e4 Nxe5 11. exf5 $5 {An interesting move, which is
becoming more and more popular.} (11. dxe5 {has been played many times by
strong GMs.}) 11... Nec4 $6 (11... Ned7 12. d5 g6 (12... cxd5 13. Bb5 $40) 13.
dxc6 bxc6 14. Qd4 Rg8 15. Qe4 {1-0 Wang,Y (2702)-Bu Xiangzhi,- (2668)/Xinghua
CHN 2012 (50); should be critical.}) 12. Qb3 Nd6 13. g4 g6 14. Bf4 Bg7 (14...
gxf5 15. O-O-O e6 16. Kb1 $1 $146 {is very good for White.}) 15. O-O-O $1 (15.
fxg6 hxg6 16. O-O-O {would give Black more options, like} Bh6) 15... gxf5 16.
Rg1 {Black is up a pawn but somehow cannot move.} (16. Be5 $5) 16... Qc7 (16...
fxg4 17. Rxg4 Bf6 18. Ne4 $1 {wins since} Nd5 {fails to} 19. Nxd6+ exd6 20.
Re1+ Kd7 21. Rg7 $1 $18 Bxg7 $140 $2 22. Qxb7+ Qc7 23. Bh3+ {with mate to come.
}) 17. gxf5 Bf6 18. Kb1 O-O-O 19. Rc1 (19. Nb5 {was the other (and automatic)
option:} cxb5 20. Bxb5 (20. Rc1 Nbc4 21. axb5 Kb8 22. Bxc4 Qd7 {is better for
White but not so easy.}) 20... Nd5 (20... Kb8 21. Rc1 Nbc4 22. Bxc4 Qd7 23. Bd3
$1 Bxd4 24. Rgd1 $18) 21. Qxd5 Nxb5 (21... Kb8 22. Bc4 $5 $16 {[%cal Yc4b3]})
22. Qe4 Nc3+ 23. bxc3 Qc4 24. Rd2 $16) 19... Bxd4 $2 (19... Kb8 $1 {was the
only move (which I missed) though after} 20. Rg2 $1 {White is still clearly
better.} (20. Nb5 $2 Qd7 {is not so clear.})) 20. Nb5 {Now Black's position is
hopeless.} cxb5 (20... Bxg1 21. Nxc7 Kxc7 22. Qxf7 $18) (20... Nxb5 21. Bxc7
Nxc7 22. Rg4 $18) 21. Rxc7+ Kxc7 22. Rg4 bxa4 (22... b4 23. Qd3 $18) 23. Qb5 $1
Be3 24. Bg3 (24. Qxa5 Bxf4 25. Rxf4 Ndc8 26. Qe5+ $18) 24... Rhg8 (24... Kb8
25. Re4 Bf2 26. Rxe7 $18) 25. Rxg8 (25. Qe5 $18) 25... Rxg8 26. Qe5 1-0

[Event "EU-Cup 25th"]
[Site "Ohrid"]
[Date "2009.10.05"]
[Round "2.2"]
[White "Eljanov, Pavel"]
[Black "Giri, Anish"]
[Result "1-0"]
[WhiteElo "2717"]
[BlackElo "2552"]
[Annotator "Eljanov,P"]
[PlyCount "117"]
[EventDate "2009.10.04"]
[EventType "team-swiss"]
[EventRounds "7"]
[EventCountry "MKD"]
[SourceTitle "CBM 133"]
[Source "ChessBase"]
[SourceDate "2009.11.19"]
[SourceVersion "1"]
[SourceVersionDate "2009.11.19"]
[SourceQuality "1"]
[WhiteTeam "Saratov Economist"]
[BlackTeam "Calder HMC"]
[WhiteTeamCountry "RUS"]
[BlackTeamCountry "NED"]

1. d4 d5 2. c4 c6 3. Nf3 Nf6 4. Nc3 dxc4 5. a4 Bf5 6. Nh4 {I had played this
already against Inarkiev and Ivanchuk in two Grand Prix tournaments.} Bd7 $5 7.
e4 e6 8. Bxc4 $1 {The only way to fight for an advantage. Practice shows that
Black is ok in other cases.} Nxe4 9. Nxe4 Qxh4 10. Qf3 Bb4+ 11. Kf1 f5 $1 {
A novelty and clearly the strongest move in my opinion as White simply has a
very powerful initiative if Black plays passively.} (11... h6 12. Bf4 O-O 13.
Be5 f5 14. Ng3 Na6 15. Nh5 Nc5 16. Nxg7 Ne4 17. Rd1 Ng5 18. Qb3 Ne4 19. g3 Qh3+
20. Kg1 a5 21. f3 Nd2 22. Rxd2 Bxd2 23. Bf1 {[%emt 0:33:27] 1-0 Romanishin,O 
(2542) -Libiszewski,F (2459)/Calvia 2006/ EXT}) (11... Qe7 12. Bg5 Qf8 13. Qg3
f5 14. Nc5 Bxc5 15. dxc5 Qxc5 16. Rc1 Qb4 17. h4 O-O 18. h5 b5 19. h6 Qxb2 20.
hxg7 Qxg7 21. Be2 Na6 22. Qh4 e5 23. Rd1 Be6 24. Rd6 Bd5 25. axb5 Nc5 26. bxc6
Ne6 27. Rxd5 {1-0 Moiseenko,A (2643) -Ivanov,V (2495)/Moscow 2008/CBM 122 Extra
}) 12. Ng5 Qxd4 13. Qh5+ Kd8 14. Qe2 {... and this position looks critical!}
Kc8 $6 {Too passive.} ({Black has many possibilities but it's rather difficult
to choose the best one even after some help from Rybka! I did not analyse here
too deeply but intuitively I would prefer} 14... Kc7 {for example} 15. g3 ({or
} 15. Be3 Qf6 16. Bf4+ Bd6 17. Bxd6+ Kxd6 $13) 15... Re8 16. Be3 Qg4 17. f3 Qh5
{and the position remains very unclear.}) (14... Re8 {is another possibility.})
15. Nxe6 Qe4 (15... Bxe6 16. Bxe6+ Kc7 17. Bxf5 {White is clearly better.}) 16.
Nxg7 Na6 17. Qxe4 {This is a good practical decision but I had a very
interesting alternative:} (17. f3 $5 Qd4 (17... Qxe2+ 18. Kxe2 {This kind of
endgame is much better for White due to the f5-weakness.}) 18. Ne6 Qf6 19. Bg5
Qg6 {and I stopped my calculations here as this position looks completely
unclear. But I have the strong idea} 20. h4 $1 Re8 (20... h6 21. h5 Qh7 22. Bd2
Bxd2 23. Qxd2 Re8 24. Re1 Nc7 25. Nxc7 Rxe1+ 26. Qxe1 Kxc7 27. Qe5+ $16) 21. h5
Qg8 22. Rd1 $1 {The key move! But Black's positon not so horrible as it looks.}
Nc5 $1 (22... Rb8 23. Rh4 Nc5 24. Bf4 Bxe6 25. Bxb8 $16) 23. Nxc5 Qxg5 24. Qd3
Re7 $3 25. Nxd7 Kc7 {Despite an extra knight now the white positon looks
rather dangerous.} 26. Ne5 $1 (26. Be6 Rxe6 (26... Rae8 $5) 27. Nc5 Bxc5 28.
Qd7+ Kb6 29. Qxe6 Rg8 30. Qe2 a5 {and here despite Rybka saying that White is
much better, I think Black has very good compensation.}) 26... Qg3 $1 (26...
Rxe5 27. Qd7+ Kb6 28. Qd4+ Rc5 29. a5+ $3 Bxa5 (29... Kxa5 30. Be2 b5 31. Rh4)
30. Be2 Rg8 31. Rh2 $16 {After b4 Black has not enough compensation.}) (26...
Qf4 27. Qb3) 27. f4 Qxf4+ 28. Nf3 Rae8 29. Rh4 Qg3 {What is this? It looks
like White is in deep trouble. But Rybka is just laughing as usual!} (29...
Re1+ 30. Rxe1 Rxe1+ 31. Kf2 Qc1 32. Rd4 Re7 33. Kg3 Rg7+ 34. Kh2 Qxb2 (34...
Bd6+ 35. Rxd6 Qf4+ 36. Kg1 Qxd6 37. Qxf5 $16) 35. Qe2 $16) 30. Be6 $1 Bc5 31.
Qc2 $1 b6 32. b4 $1 Rxe6 33. bxc5 Re2 34. Qxe2 Rxe2 35. Kxe2 Qxg2+ 36. Ke3 $16
{But of course, all these variations are very risky for White and I don't know
who could work them out, except our silicon friends. Maybe a guy who had
studied hundreds of diabolically difficult Dvoretsky exercises!?}) ({Far from
clear is} 17. Bxa6 bxa6 18. Qxa6+ Kc7 19. Bh6) 17... fxe4 18. Nh5 Kc7 $2 ({
Anish had strictly one possiblity to keep the balance:} 18... Nc5 19. Nf6 Nd3
$1 (19... Bf5 20. g4 Bg6 21. h4 $36) 20. Nxe4 (20. Bh6 Nxb2) 20... Nxc1 21.
Rxc1 Kc7 {Black has a typical two bishops compensation and this is the case
when chess is a draw :)}) 19. Nf6 Bf5 20. g4 $1 {Now everything works well for
White!} Rhf8 21. gxf5 Rxf6 22. Rg1 Rxf5 23. Rg7+ Kb6 $2 {The decisive mistake.}
({Much better was} 23... Kd6 {beware a trap!} 24. Bg5 $1 (24. Rxb7 Bc5 $1 25.
Bxa6 $4 Rxf2+ 26. Ke1 Rg8 $19) 24... Ke5 25. Bh4 Nc5 26. Rd1 {This should be
lost for Black as everything is hanging now.}) 24. Be3+ Nc5 25. a5+ $1 {
It was a big pleasure for me to find this nice combination!} Bxa5 26. Rxb7+ $1
(26. Ra4 $4 Bd2 $17) 26... Kxb7 27. Rxa5 Raf8 28. Bxc5 Rxf2+ 29. Bxf2 e3 30. b3
$1 {Now everything is over for Black. My opponent made 30 moves more, which
was unnecessary.} Rxf2+ 31. Kg1 Rc2 32. Re5 Rc3 33. Kg2 Kb6 34. h4 a5 35. Bg8
h6 36. Kf3 e2+ 37. Kxe2 Rh3 38. Re4 Kc5 39. Kd2 Rh2+ 40. Kc3 Rh3+ 41. Kb2 Rh2+
42. Ka3 Rh1 43. Bf7 Ra1+ 44. Kb2 Rf1 45. Rc4+ Kb5 46. Bg6 Rf2+ 47. Kc3 Rf3+ 48.
Bd3 Kb6 49. Rg4 Rh3 50. Kd4 Rh2 51. Rf4 Rh3 52. Re4 Rg3 53. h5 Rh3 54. Re5 Rh4+
55. Be4 Rh3 56. Kc4 Rh4 57. Re6 Rxh5 58. Rxc6+ Ka7 59. Rc5 1-0

[Event "FIDE World Cup"]
[Site "Khanty-Mansiysk"]
[Date "2011.08.28"]
[Round "1.1"]
[White "Fier, Alexandr"]
[Black "Wang, Yue"]
[Result "1-0"]
[WhiteElo "2566"]
[BlackElo "2709"]
[Annotator "Fier,A"]
[PlyCount "93"]
[EventDate "2011.08.28"]
[EventType "k.o."]
[EventRounds "7"]
[EventCountry "RUS"]
[SourceTitle "CBM 145"]
[Source "ChessBase"]
[SourceDate "2011.11.11"]
[SourceVersion "1"]
[SourceVersionDate "2011.11.11"]
[SourceQuality "1"]

{This was the first game of my second World Cup... And this time in a quite
different situation from the first one. In 2009 I played against Khalifman who
had almost 50 elo points more than me and after two draws in the classic games
I lost on the rapids. This time I was about to play against a 2700 and
considered to be one of the most solid players in the world... For sure not an
easy task!} 1. d4 d5 2. c4 c6 3. Nf3 Nf6 4. Nc3 dxc4 5. a4 Bf5 6. Ne5 e6 (6...
Nbd7 7. Nxc4 Nb6 8. Ne5 a5 {is Wang Yue's main weapon.}) 7. f3 c5 8. e4 Bg6 9.
Be3 cxd4 10. Qxd4 Qxd4 11. Bxd4 Nfd7 12. Nxd7 Nxd7 13. Bxc4 Rc8 (13... a6 {
this move has been suffering a bit in recent games} 14. Rc1 Rc8 (14... Rg8 15.
h4 h5 16. Ne2 Bd6 17. Be3 Ne5 18. Nf4 {Topalov,V (2805)-Anand,V (2787) World
Championship 2010 (5) 1/2 was probably better for White in}) 15. Ne2 {Gyimesi,
Z (2610)-Bindrich,F (2512) Bundesliga 0708 2007 (13.3) 1-0 was}) 14. Bb3 $5
$146 {Trying to make a totally new setup in a known position... Since I have
no experience at all in this variation I tried to put the pieces on the most
active squares when I was doing my homework... maybe it's not so good, but at
least it was an interesting new idea!} (14. Bb5 a6 15. Bxd7+ Kxd7 {Topalov,V 
(2805)-Anand,V (2787) World Championship 2010 (8) 1-0 was another famous game
in their match, but Black could hold after a long fight in}) (14. Be2 {was
played in one of Wang Yue's games in the World Team Championship where he
scored a lot of points} a6 15. Rc1 f6 16. O-O Bc5 $11 {Grischuk,A (2746)-Wang
Yue (2709) WchT 8th Ningbo 2011 (7) 1/2}) 14... a5 (14... a6 15. Rd1 $5 Rg8 16.
a5 $1 {making use of the b3-bishop!} Bd6 17. h4 h5 18. Ba4 Ke7 19. Bxd7 Kxd7
20. Be5 {can be a possible continuation, and here I think White can really
exert some pressure due to the bad g6-bishop...}) (14... Nc5 {is not normal in
this kind of position} 15. Ba2 Nd3+ 16. Ke2 Nxb2 17. Rhc1 a6 18. Rab1 Rd8 19.
Rxb2 Rxd4 20. Rxb7 $14) 15. Ke2 Rg8 (15... Nc5 $6 16. Bc4 {[%csl Gb5]}) 16. Nb5
Bc5 17. Bc3 b6 18. Be1 $1 {[%csl Re8][%cal Ge1g3,Ge1h4] Probably my best move
in the World Cup! Before moving the rooks to the open files, Be1 comes just in
time to avoid ...Ke7! Without connecting the rooks it's really hard for Black
to find something good to do with his pieces...} Ne5 (18... Ke7 19. Bg3 $1 {
with a really annoying idea of Na7!} Nf6 (19... e5 {gives up an important
square and opens the way for White's bishop} 20. Bh4+ Nf6 21. Rhd1 {with
advantage}) (19... Rgd8 $2 20. Na7 $18) 20. Na7 Ra8 21. Nc6+ Ke8 22. Bc4 {
is really good for White.}) 19. Bh4 Bh5 (19... Nc6 20. Rhd1 $16 {[%cal Ga1c1,
Gb5d6]}) 20. Rhd1 (20. g4 {looks very tempting, but it leads to unnecessary
complications after} g5 $1 21. Bg3 Nxg4 22. fxg4 Bxg4+ {and suddenly my king
has no safe place to go!} 23. Kd3 Ke7 24. Na7 {trying to clear the c-file for
the king but Black keeps playing with energy} (24. Bd1 Rgd8+ 25. Kc2 Be3+ 26.
Kb3 Bh3) 24... Rgd8+ 25. Kc2 f5 $1 {giving up the rook in order to restrain
the white bishop and maximise the power of Black's white-squared bishop.} 26.
Nxc8+ Rxc8 27. Rhf1 f4 28. Be1 Be2 {and the position is not easy to access...
after a long thought I found the idea used in the game.}) (20. Rac1 {is also
possible, but White needs to be aware about the counterplay on the g-file} g5
21. Bg3 g4 22. Bxe5 (22. f4 Nc6) 22... gxf3+ 23. gxf3 Rg2+ 24. Kf1 (24. Kd3
Rd8+ 25. Nd4 Bxd4 26. Bxd4 e5) 24... Bxf3 25. Bd1 Rf2+ 26. Ke1 Bxh1 27. Nd6+
Bxd6 28. Rxc8+ Kd7 29. Kxf2 Bxe5 30. Rc4 Bxh2 31. Bf3 Bxf3 32. Kxf3) 20... g5
21. Bg3 Nc6 (21... g4 22. f4 $1 (22. Bxe5 $6 {to grab a piece again is
dangerous} gxf3+ 23. gxf3 Rg2+ 24. Kd3 Bxf3 25. Re1 Rd8+ 26. Nd4 Bxd4 27. Bxd4
Rxb2 28. Rab1 Rxh2 {is once more unclear}) 22... Nc6 23. Nd6+ Bxd6 24. Rxd6 Ke7
25. e5 $16 {[%cal Gg3h4]}) 22. Nd6+ Bxd6 23. Bxd6 ({With} 23. Rxd6 Ke7 24. Rad1
Rgd8 {Black can keep holding.}) 23... g4 24. Kf2 gxf3 25. gxf3 {And now it's
really difficult to find a decent plan for Black... White just wants to play
Bc4 and Ba6 or even Bb5 directly and then the knight will be lost... Black
tried to find some counterplay over the f3-pawn, but after some precise moves
the game is over.} Rg6 26. Bc4 $1 (26. Rac1 Rf6 27. Rc3 (27. Rd3 $2 {doesn't
work because of} Bxf3 28. Rxf3 Rxf3+ 29. Kxf3 Nd4+ 30. Ke3 Rxc1 31. Kxd4 f6 $1
32. Bg3 (32. Bxe6 $4 Rd1+ $19) 32... e5+ {and Black's position is really
difficult to crack}) 27... e5 {was not so clear from my point of view during
the game}) 26... Rf6 (26... Na7 27. Rac1 Rd8 28. Be5 Rxd1 29. Rxd1 Ke7 30. Rd6
Rg5 31. f4) 27. Ra3 Na7 28. Rc1 e5 (28... Rd8 29. Be5 Rg6 30. Rb3 Nc8 31. Bb5+
Kf8 32. Rd3 $1 {is a sad end for Black...}) 29. Bxe5 Rfc6 30. Rac3 Ke7 31. Bd5
{And now it's just matter of time...} Rxc3 32. Rxc3 Rxc3 33. Bxc3 f6 34. Bd4
Nc8 35. Bb7 Nd6 36. Ba6 Be8 37. Bxb6 Bxa4 38. Bxa5 Bb5 39. Bxb5 Nxb5 40. Kg3
Kf7 41. Kf4 h5 42. e5 Ke6 43. exf6 Kxf6 44. Bc3+ Kg6 45. Be5 Na7 46. b4 Nb5 47.
Ke4 {So that was my first victory against a 2700 and in a really important
tournament! I played in a positional style, something totally strange for me...
But sometimes the position just needs some calm moves, no? The sensation was
amazing, but I knew I would have another really difficult task for the next
day... To hold with Black!} 1-0